Escritura pública (Record no. 196137)

MARC details
000 -LEADER
campo de control de longitud fija 01493nas a2200445 i 4500
001 - NÚMERO DE CONTROL
campo de control 196137
003 - IDENTIFICADOR DE NÚMERO DE CONTROL
campo de control ES-MaACL
005 - FECHA Y HORA DE LA ÚLTIMA TRANSACCIÓN
campo de control 20250827040057.0
006 - CÓDIGOS DE INFORMACIÓN DE LONGITUD FIJA--CARACTERÍSTICAS DEL MATERIAL ADICIONAL
campo de control de longitud fija m g d |
007 - CAMPO FIJO DE DESCRIPCIÓN FÍSICA--INFORMACIÓN GENERAL
campo de control de longitud fija cr
008 - DATOS DE LONGITUD FIJA--INFORMACIÓN GENERAL
campo de control de longitud fija 240814c20009999sp b||pso|||||||||b0spa
010 ## - NÚMERO DE CONTROL DE LA BIBLIOTECA DEL CONGRESO
Número de control de LC c
Número de control de NUCMC 1
022 0# - NÚMERO INTERNACIONAL NORMALIZADO PARA PUBLICACIONES SERIADAS
Fuente _u
Número Internacional Normalizado para Publicaciones Seriadas 1695-6516
ISSN-L 1695-6508
035 ## - NÚMERO DE CONTROL DEL SISTEMA
Número de control de sistema (ISSN)16956516
035 ## - NÚMERO DE CONTROL DEL SISTEMA
Número de control de sistema (OCoLC)733129924
035 ## - NÚMERO DE CONTROL DEL SISTEMA
Número de control de sistema (SpMaBN)a4707989
035 ## - NÚMERO DE CONTROL DEL SISTEMA
Número de control de sistema 991021121949708606
040 ## - FUENTE DE CATALOGACIÓN
Centro catalogador/agencia de origen SpMaBN
Lengua de catalogación spa
Centro/agencia transcriptor SpMaBN
Normas de descripción rdc
Centro/agencia modificador ES-MaACL
080 ## - NÚMERO DE LA CLASIFICACIÓN DECIMAL UNIVERSAL
Número de la Clasificación Decimal Universal 347.961(460)
210 0# - TÍTULO ABREVIADO
Título abreviado Escr. pública
Información calificativa Internet
222 #0 - TÍTULO CLAVE
Título clave Escritura pública
Información calificativa Internet
245 00 - MENCIÓN DEL TÍTULO
Título Escritura pública
260 ## - PUBLICACIÓN, DISTRIBUCIÓN, ETC.
Lugar de publicación, distribución, etc. Madrid :
Nombre del editor, distribuidor, etc. Consejo General del Notariado,
Fecha de publicación, distribución, etc. 2000-
310 ## - PERIODICIDAD ACTUAL
Periodicidad actual Bimestral
336 ## - TIPO DE CONTENIDO
Término de tipo de contenido Texto (visual)
Fuente rdacontent
337 ## - TIPO DE MEDIO
Nombre/término del tipo de medio electrónico
Fuente rdamedia
338 ## - TIPO DE SOPORTE
Fuente rdacarrier
Nombre/término del tipo de soporte volumen
362 1# - FECHAS DE PUBLICACIÓN Y/O DESIGNACIÓN SECUENCIAL
Fecha de publicación y/o designación secuencial La edición impresa comenzó en 2000
500 ## - NOTA GENERAL
Nota general Ùltima consulta, 14 de agosto de 2024
650 #4 - PUNTO DE ACCESO ADICIONAL DE MATERIA--TÉRMINO DE MATERIA
Término de materia o nombre geográfico como elemento de entrada Derecho notarial-
Subdivisión geográfica España
9 (RLIN) 11745
655 #0 - TERMINO DE INDIZACIÓN--GENERO/FORMA
Datos o término principal de género/forma Revistas electrónicas
Fuente del término tgfbne
9 (RLIN) 226718
655 #0 - TERMINO DE INDIZACIÓN--GENERO/FORMA
Datos o término principal de género/forma Páginas Web
Fuente del término tgfbne
9 (RLIN) 226719
710 2# - ENTRADA AGREGADA--NOMBRE DE ENTIDAD CORPORATIVA
Nombre de entidad corporativa o nombre de jurisdicción como elemento de entrada Junta de Decanos de los Colegios Notariales de España
9 (RLIN) 5388
776 08 - ENTRADA DE FORMULARIO FÍSICO ADICIONAL
Información de relación Versión impresa
Título Escritura pública (Ed. impresa) =
Número Internacional Normalizado para Publicaciones Seriadas ISSN 1695-6508
biblionumber 196138
Número de control del registro 196138
856 40 - LOCALIZACIÓN Y ACCESO ELECTRÓNICOS
Identificador Uniforme de Recursos <a href="https://escriturapublica.es/">https://escriturapublica.es/</a>
Texto de enlace Acceso electrónico
942 ## - ELEMENTOS DE ENTRADA SECUNDARIOS (KOHA)
Fuente del sistema de clasificación o colocación Clasificación decimal universal
Suprimir en OPAC No
Tipo de ítem Koha Revista electrónica
955 ## - CATALOGADOR - EDICIÓN
Nombre de catalogador Pilar Fernández Vera
956 ## - LOCALIZACIÓN Y ACCESO ELECTRÓNICOS LOCAL (OCLC)
Nombre del host 1

No items available.